Special Senses Quiz Stats

 Plays Quiz not verified by Sporcle

Score 0/46 Timer 10:00
0 Plays Today
% Correct
Lacrimal apparatus
75.3%
Iris
75.3%
Pupil
71.8%
Tympanic membrane
70.6%
Malleus
68.2%
Cones
67.1%
Sclera
63.5%
Gustatory cells
63.5%
Rods
62.4%
Emmetropic eye
62.4%
Myopic eye
60%
Stapes
60%
Vestibulocochlear nerve
60%
Glossopharyngeal nerves
60%
Auricle or Pinna
58.8%
Lens
57.6%
Hyperopic eye
57.6%
Retina
56.5%
External acoustic meatus
55.3%
Vestibular and semicircular canals
55.3%
Pharyngotympanic tube
55.3%
Olfactory receptor cells
55.3%
Conjunctiva
51.8%
% Correct
Equilibrium receptors
51.8%
Cornea
50.6%
Incus
50.6%
Ossicles
48.2%
Facial nerves
48.2%
Medial rectus
47.1%
Palpebrae
44.7%
Ciliary body
44.7%
Lateral rectus
43.5%
Forea centralis
41.2%
Lobule
40%
Choroid
38.8%
Cochlear
38.8%
Helix
37.6%
Vascular layer - uvea
32.9%
Fibrous layer
28.2%
Oval window
27.1%
Round window
25.9%
Inferior rectus
24.7%
Superior oblique
23.5%
Macula lutea
23.5%
Superior rectus
21.2%
Inferior oblique
18.8%

You're not logged in!

Compare scores with friends on all Sporcle quizzes.
OR
Log In

Sporcle TV

Today on Sporcle TV


Watch our educational content, quiz creation guides, and fun videos on Sporcle TV.

Show Comments

Extras

Top Quizzes Today


Score Distribution

Your Account Isn't Verified!

In order to create a playlist on Sporcle, you need to verify the email address you used during registration. Go to your Sporcle Settings to finish the process.

Report this User

Report this user for behavior that violates our Community Guidelines.

Details: